|
|
|
|
| LEADER |
03268nam a2200661 4500 |
| 001 |
ocn870264529 |
| 003 |
OCoLC |
| 005 |
20170124071659.7 |
| 006 |
m o d |
| 007 |
cr cnu---unuuu |
| 008 |
140210s2014 nju o 101 0 eng d |
| 040 |
|
|
|a DG1
|b eng
|e rda
|e pn
|c DG1
|d N$T
|d E7B
|d OCLCO
|d OCLCF
|d OCLCQ
|d YDXCP
|d OCL
|d OCLCO
|d COO
|d OCLCO
|d DEBBG
|d KNOVL
|d GrThAP
|
| 020 |
|
|
|a 9781118889732
|q (electronic bk.)
|
| 020 |
|
|
|a 1118889738
|q (electronic bk.)
|
| 020 |
|
|
|a 9781118889664
|q (electronic bk.)
|
| 020 |
|
|
|a 1118889665
|q (electronic bk.)
|
| 020 |
|
|
|a 9781523105144
|q (electronic bk.)
|
| 020 |
|
|
|a 1523105143
|q (electronic bk.)
|
| 020 |
|
|
|z 9781118889763
|
| 020 |
|
|
|z 1118889762
|
| 024 |
7 |
|
|a 10.1002/9781118889664
|2 doi
|
| 029 |
1 |
|
|a NZ1
|b 15495730
|
| 029 |
1 |
|
|a CHVBK
|b 334084679
|
| 029 |
1 |
|
|a CHBIS
|b 010441895
|
| 029 |
1 |
|
|a DEBBG
|b BV043396547
|
| 035 |
|
|
|a (OCoLC)870264529
|
| 050 |
|
4 |
|a TN275
|b .E63 2014
|
| 072 |
|
7 |
|a BUS
|x 070000
|2 bisacsh
|
| 082 |
0 |
4 |
|a 338.7/622
|2 23
|
| 049 |
|
|
|a MAIN
|
| 111 |
2 |
|
|a EPD Congress
|d (2014 :
|c San Diego, Calif.)
|
| 245 |
1 |
0 |
|a EPD Congress 2014 :
|b proceedings of a symposia sponsored by the Extraction & Processing Division (EPD) of The Minerals, Metals & Materials Society (TMS) held during TMS 2014, 143rd Annual Meeting & Exhibition, Februrary 16-20, 2014, San Diego Convention Center, San Diego, California, USA /
|c edited by James Yurko ... [and more].
|
| 264 |
|
1 |
|a Hoboken, New Jersey :
|b John Wiley & Sons, Inc.,
|c 2014.
|
| 264 |
|
4 |
|c ©2014
|
| 300 |
|
|
|a 1 online resource.
|
| 336 |
|
|
|a text
|b txt
|2 rdacontent
|
| 337 |
|
|
|a computer
|b c
|2 rdamedia
|
| 338 |
|
|
|a online resource
|b cr
|2 rdacarrier
|
| 500 |
|
|
|a International conference proceedings.
|
| 500 |
|
|
|a Includes indexes.
|
| 588 |
0 |
|
|a Online resource; title from PDF title page (Wiley Online Library, viewed Feb. 10, 2014).
|
| 504 |
|
|
|a Includes bibliographical references and indexes.
|
| 650 |
|
0 |
|a Mineral industries
|v Congresses.
|
| 650 |
|
0 |
|a Mines and mineral resources
|v Congresses.
|
| 650 |
|
0 |
|a Mining engineering
|v Congresses.
|
| 650 |
|
0 |
|a Materials
|v Congresses.
|
| 650 |
|
7 |
|a BUSINESS & ECONOMICS
|x Industries
|x General.
|2 bisacsh
|
| 650 |
|
7 |
|a Materials.
|2 fast
|0 (OCoLC)fst01011772
|
| 650 |
|
7 |
|a Mineral industries.
|2 fast
|0 (OCoLC)fst01022218
|
| 650 |
|
7 |
|a Mines and mineral resources.
|2 fast
|0 (OCoLC)fst01022541
|
| 650 |
|
7 |
|a Mining engineering.
|2 fast
|0 (OCoLC)fst01022890
|
| 655 |
|
4 |
|a Electronic books.
|
| 655 |
|
7 |
|a Conference papers and proceedings.
|2 fast
|0 (OCoLC)fst01423772
|
| 700 |
1 |
|
|a Yurko, James A.,
|e editor.
|
| 710 |
2 |
|
|a Minerals, Metals and Materials Society.
|b Extraction and Processing Division,
|e sponsoring body.
|
| 776 |
0 |
8 |
|i Print version:
|a Minerals, Metals and Materials Society. Extraction and Processing Division.
|t EPD Congress 2014 : proceedings of a symposia sponsored by the Extraction & Processing Division (EPD) of The Minerals, Metals & Materials Society (TMS) held during TMS 2014, 143rd Annual Meeting & Exhibition, Februrary 16-20, 2014, San Diego Convention Center, San Diego, California, USA.
|d Hoboken, New Jersey : John Wiley & Sons, Inc., c2014
|h xv, 610 pages
|z 9781118889763
|
| 856 |
4 |
0 |
|u https://doi.org/10.1002/9781118889664
|z Full Text via HEAL-Link
|
| 994 |
|
|
|a 92
|b DG1
|